000 00293nam a22001337a 4500
008 181022b xxu||||| |||| 00| 0 eng d
020 _a0316104418
041 _aeng
080 _a579
100 _a11
101 _aMIKB
245 _aBasic Medical Microbiology
_cBoyd, R.F
942 _2udc
_cBK
999 _c50469
_d50469